| 000 | 03509nam a2200301Ia 4500 | ||
|---|---|---|---|
| 005 | 20250223033127.0 | ||
| 008 | 231030s9999 xx 000 0 und d | ||
| 049 | _aDeposit | ||
| 082 | _a618.92 | ||
| 097 | _aM.Sc | ||
| 099 | _aCai01.21.06.M.Sc.2022.Ma.E. | ||
| 100 | _aBY Mahmoud mohamed abd elghan, | ||
| 245 |
_aEffect of baclofen phonophoresis onspasticity in gastrocnemius musclein children with spastic diplegi / _cMahmoud mohamed abd elghan ؛Prof. Gehan Hassan El-Meniawy،Prof. Mohamed Ahmed ElNabarawi،Dr. Heba Gaber Abd El Aziz. |
||
| 246 | _aتأثير استخدام مادة البكلوفين بالتأين بالموجات فوق الصوتيه على التشنج فى عضلة الساق عند الاطفال المصابين بالشلل الدماغى التقلصى المزدوج. | ||
| 260 | _c2022. | ||
| 502 | _aThesis (M.Sc.)-Cairo University,2022. . | ||
| 504 | _aBibliography: p. 88-105. | ||
| 520 | _aالخلفية والغرض: الأطفال المصابون بالشلل الدماغى التقلصي المزدوج يعانون من مشاكل في الحركة والاتزان والسقوط المتكرر أثناء الحركة وبعضهم يعاني من عدم القدرة علي الوقوف. الهدف: صممت هذه الرسالة لمعرفه تأثير استخدام ماده البكلوفين عن طريق الموجات فوق الصوتيه علي التشنج في عضله الساق في الأطفال المصابين بالشلل المخي التقلصي المزدوج. الطريقة: شارك في هذه الرساله 40 طفلا مصابين بالشلل المخي التقلصي المزدوج ممن تراوحت اعمارهم من 3 الي 6 سنوات من كلا الجنسين. تم اختيارهم من قسم العلاج الطبيعي بمستشفي كفرالشيخ العام .تم تقسيمهم عشوائياً الي مجموعتين: المجموعه الضابطه (أ) تلقت برنامج علاج طبيعي مصمم لمدة ساعه بواقع ثلاث جلسات اسبوعيا لمدة 12 اسبوع ومجموعة الدراسة (ب) تلقت مادة البكلوفين عن طريق الموجات فوق الصوتيه لمده 10 دقائق علي عضلة الساق ثلاث مرات في الاسبوع لمدة 12 اسبوع قبل برنامج العلاج الطبيعي المصمم. النتائج: اظهرت النتائج عدم وجود فروق ذات دلاله احصائيه بين المجموعتين في جميع المتغيرات المقاسه. كما اظهرت النتائج عند مقارنه قبل وبعد العلاج وجود تحسن ذو دلاله احصائيه في الوقوف في كلا المجموعتين. الاستنتاج: تشير نتائج الدراسه الي ان استخدام ماده البكلوفين عن طريق الموجات فوق الصوتيه يساعد علي تحسين الوقوف عند الاطفال المصابين بالشلل المخي التقلصي المزدوج, حيث انه عمليا يقلل التشنج العضلي في عضله الساق والتي تحتاج الي مزيد من الدراسات. | ||
| 650 | _aBaclofen. | ||
| 653 | _aGastrocnemius | ||
| 700 | _aMohamed Ahmed ElNabarawi. | ||
| 856 | _uhttp://172.23.153.220/th.pdf | ||
| 905 | _aMohamady | ||
| 942 |
_cTH _2ddc |
||
| 999 |
_c164414 _d164414 |
||
| 336 |
_2rda content _atext |
||
| 337 |
_2rdamedia _aUnmediated |
||
| 338 |
_2rdacarrier _avolume |
||